000 00511cam a22002054a 4500
005 20250605164316.0
008 250528s ||||||||||||||||||||||||d
035 _a22695
020 _a9780201880670
040 _aGR-AtMCL
_bgre
_dGR-AtMCL
_eAACR2
245 1 _aELECTRONIC COMMERCE
250 _a1
260 _bAddison-Wesley Publishing Company,
_c1997
300 _a431
700 1 _aKalakota Ravi
_92166
700 1 _aWhinston Andrew B
_92167
942 _cBK
999 _c7743
_d7743